| 000 | 00541cam a22002174a 4500 | ||
|---|---|---|---|
| 005 | 20250605164224.0 | ||
| 008 | 250528s ||||||||||||||||||||||||d | ||
| 035 | _a20784 | ||
| 020 | _a137093942 | ||
| 040 |
_aGR-AtMCL _bgre _dGR-AtMCL _eAACR2 |
||
| 245 | 1 | _aTHE PRINCIPLES OF ENGINEERING MATERIALS | |
| 250 | _a1 | ||
| 260 |
_bPrentice Hall, _c1973 |
||
| 300 | _a554 | ||
| 700 | 1 |
_aBarrett Graig R. _96746 |
|
| 700 | 1 |
_aNix William D _96747 |
|
| 700 | 1 |
_aTetelman Alan S _96748 |
|
| 942 | _cBK | ||
| 999 |
_c5867 _d5867 |
||